000 00422nam a2200133Ia 4500
008 171212s9999 xx 000 0 und d
020 _a9789089647535
100 _aWaugh, Thomas
245 _cWaugh, Thomas
_aThe Conscience of Cinema
_bThe works of Joris Ivens 1926-1989
260 _bAmsterdam University Press
_c2016
440 _aFraming Film
650 _aFilm Studies
856 _uhttp://jstor.org/stable/j.ctt1kft8nj
999 _c350955
_d350955